| 000 | 00659nam a22001697a 4500 | ||
|---|---|---|---|
| 003 | BD-DhUL | ||
| 005 | 20160823101932.0 | ||
| 008 | 160823b xxu||||| |||| 00| 0 eng d | ||
| 040 | _cBD-DhUL | ||
| 082 |
_a322.42095414 _bBAD |
||
| 100 | _aবন্দ্যোপাধ্যায়, শৈলেশকুমার | ||
| 245 |
_aদাঙ্গার ইতিহাস / _cবন্দ্যোপাধ্যায়, শৈলেশকুমার |
||
| 260 |
_aকলকাতা : _bমিত্র ও ঘোষ, _c১৯৯৪. |
||
| 300 |
_a৩৯০ পৃ. ; _c২০ সেমি. |
||
| 650 |
_aইতিহাস _vHistory |
||
| 942 |
_2ddc _cBK |
||
| 999 |
_c100743 _d100743 |
||